BIBLIOTECA PODER JUDICIAL
Portal Judicial TDF

Una mirada crítica sobre el abordaje del rol de la víctima en el sistema penal argentino / (Registro nro. 5533)

000 -LEADER
fixed length control field 01327nab a22002897a 4500
003 - CONTROL NUMBER IDENTIFIER
control field OSt
005 - DATE AND TIME OF LATEST TRANSACTION
control field 20251215135141.0
008 - FIXED-LENGTH DATA ELEMENTS--GENERAL INFORMATION
fixed length control field 190429b xxu||||| |||| 00| 0 spa d
040 ## - CATALOGING SOURCE
Transcribing agency PJ
100 ## - MAIN ENTRY--PERSONAL NAME
Personal name Daruich, Vanesa
9 (RLIN) 6513
245 10 - TITLE STATEMENT
Title Una mirada crítica sobre el abordaje del rol de la víctima en el sistema penal argentino /
Statement of responsibility, etc Vanesa Daruich.
260 ## - PUBLICATION, DISTRIBUTION, ETC. (IMPRINT)
Date of publication, distribution, etc Ciudad Autónoma de Buenos Aires :
Place of publication, distribution, etc Thomson Reuters La Ley,
Name of publisher, distributor, etc 2025.
300 ## - PHYSICAL DESCRIPTION
Extent p. 5-25
500 ## - GENERAL NOTE
General note Cita: AR/DOC/171/2025.
505 ## - FORMATTED CONTENTS NOTE
Formatted contents note Sumario: I. Introducción.— II. Prostitución y trata de personas.— III. La víctima.— IV. Normativa.— V. Normativa adjetiva.— VI. Constitución Nacional y Convenciones Internacionales.— VII. Conclusión.
505 ## - FORMATTED CONTENTS NOTE
Title Si te interesa el texto completo, solicitalo a koha@justierradelfuego.gov.ar
650 #0 - SUBJECT ADDED ENTRY--TOPICAL TERM
9 (RLIN) 343
Topical term or geographic name as entry element DERECHO PENAL
650 #0 - SUBJECT ADDED ENTRY--TOPICAL TERM
9 (RLIN) 4885
Topical term or geographic name as entry element DERECHOS DE LA VÍCTIMA
650 #0 - SUBJECT ADDED ENTRY--TOPICAL TERM
9 (RLIN) 3047
Topical term or geographic name as entry element VÍCTIMA DEL DELITO
650 #0 - SUBJECT ADDED ENTRY--TOPICAL TERM
9 (RLIN) 3056
Topical term or geographic name as entry element TRATA DE PERSONAS
650 #0 - SUBJECT ADDED ENTRY--TOPICAL TERM
9 (RLIN) 5585
Topical term or geographic name as entry element CONSENTIMIENTO
650 #0 - SUBJECT ADDED ENTRY--TOPICAL TERM
9 (RLIN) 2906
Topical term or geographic name as entry element PROSTITUCIÓN
650 #0 - SUBJECT ADDED ENTRY--TOPICAL TERM
9 (RLIN) 4022
Topical term or geographic name as entry element MINISTERIO PÚBLICO FISCAL
650 #0 - SUBJECT ADDED ENTRY--TOPICAL TERM
9 (RLIN) 3053
Topical term or geographic name as entry element VIOLENCIA DE GÉNERO
773 0# - HOST ITEM ENTRY
Host Biblionumber 2658
Host Itemnumber 3164
Title Revista de derecho penal y criminología. Nº 2 - Marzo 2025
Place, publisher, and date of publication Ciudad Autónoma de Buenos Aires : Thomson Reuters La Ley, 2017-
International Standard Serial Number 00347914
942 ## - ADDED ENTRY ELEMENTS (KOHA)
Source of classification or shelving scheme
Koha item type Analítica Artículo de Revista

No hay ítems disponibles.

12 de Octubre 789 Ushuaia - Tel:  54(02901)441571
Horario de Atención: 8.00 a 17.00 hs. 
bibliotecaush@justierradelfuego.gov.ar
koha@justierradelfuego.gov.ar
Seguinos en nuestras redes @bibliojustdf 

Con tecnología Koha